| 000 | | | 04045nac2a22002773x 450 |
| 001 | | | 119c0198-a93f-4594-ab73-883afa3f6d96 |
| 005 | | | 20230624084427.0 |
| 100 | ## | $a | 20230605l19281929k y0rusy50 ca |
| 101 | 0# | $a | rus |
| | $a | mul |
| 102 | ## | $a | RU |
| 105 | ## | $a | y z ||||| |
| 122 | 2# | $a | d19281231 |
| | $a | d19290428 |
| 200 | 1# | $a | Об изменении и дополнении Положения о военных трибуналах и военной прокуратуре |
| | $j | 31.12.1928 - 28.04.1929 |
| 215 | ## | $a | 61 лист |
| | $d | 38,6 х 25,7 |
| 251 | ## | $c | Дело |
| 300 | ## | $a | Часть текста на языках народов СССР |
| 300 | ## | $a | В деле обратная нумерация |
| 300 | ## | $a | Лист: 43 - подшит между листами №№ 41 и 42 |
| 300 | ## | $a | Часть текста машинописная и рукописная, часть - напечатана типографским способом |
| 324 | ## | $a | В деле имеются копии отдельных документов |
| 461 | #0 | $1 | 001796d4672-8a00-4986-b488-6e42273792cc |
| | $1 | 2001 |
| | $a | ЦЕНТРАЛЬНЫЙ ИСПОЛНИТЕЛЬНЫЙ КОМИТЕТ СССР (ЦИК СССР). |
| | $1 | 251 |
| | $c | Фонд |
| | $1 | 852 |
| | $g | Р |
| | $j | 3316 |
| 462 | #0 | $1 | 0016e6e8ba4-e15f-4ad4-8937-f1e88c150bfe |
| | $1 | 2001 |
| | $a | Дела Секретариата Президиума ЦИК Союза ССР. 1929 г. |
| | $v | Д. 211 |
| | $1 | 251 |
| | $c | Опись |
| | $1 | 852 |
| | $j | 22 |
| 601 | 01 | $3 | RU\NLR\AUTH\880357276 |
| | $a | СССР |
| | $b | ЦИК |
| 801 | #0 | $a | RU |
| | $b | GA_RF |
| 801 | #1 | $a | RU |
| | $b | ГлавНИВЦ |
| | $c | 20230605 |
| | $2 | rusmarc |
| 801 | #2 | $a | RU |
| | $b | ПБ им. Б.Н. Ельцина |
| | $c | 20230624 |
| | $g | RCR |
| | $2 | rusmarc |
| 852 | ## | $a | ГА РФ |
| | $j | 211 |
| 937 | ## | $d | 185698906 |
| | $h | ГАРФ |
| 035 | ## | $a | RuPRLIB51071811 |
| 856 | ## | $u | http://readingroom.main.prlib.ru/item.aspx?id_node=n185698906&mode=full |